| 000 | 00986nam a2200277 a 4500 | ||
|---|---|---|---|
| 001 | |||
| 003 | OSt | ||
| 005 | 20220427095717.0 | ||
| 008 | 100810s2017 dr 000 0 spa d | ||
| 020 | _a9789945088526 | ||
| 040 |
_aDO-SdBNP _bspa _cBPMSU |
||
| 082 |
_a920 _bB828j 2017 _222 |
||
| 100 | 1 | _aBrea Tió, Héctor | |
| 245 | 0 |
_aJosé Martí, Máximo Gómez y Ceferina Chávez : _bapuntes históricos y genealógicos / _cHéctor Brea Tiò ; prólogo de Frank Moya Pons |
|
| 260 |
_aSanto Domingo : _bBùho, _c2017. |
||
| 300 |
_a277 p. : _bil. ; _c26 cm |
||
| 500 | _3Incluye datos biográficos del autor en la solapa de la cubierta | ||
| 590 | _6Inventariado, 2022/VM | ||
| 600 |
_aMartí, José, _d1853-1895 _vBiografías |
||
| 600 |
_aGómez, Máximo _d1836-1905 _vBiografías |
||
| 650 | 4 |
_aBiografías _xHistoria _zCuba. |
|
| 650 | 4 |
_aBiografías _xHistoria _zRepública Dominicana |
|
| 700 | 1 |
_aMoya Pons, Frank, _d1944- _ePrólogo |
|
| 910 | _aVMateo V. | ||
| 942 |
_2ddc _cBK |
||
| 999 |
_c14162 _d14162 |
||